Bảo vệ rừng ngập mặn ven biển Bắc Bộ trong bối cảnh nước biển dâng /
Đã lưu trong:
| 主要作者: | |
|---|---|
| 格式: | Bài viết |
| 語言: | Vietnamese |
| 主題: | |
| 標簽: |
添加標簽
沒有標簽, 成為第一個標記此記錄!
|
| Thư viện lưu trữ: | Thư viện Trường Đại học Đà Lạt |
|---|
| LEADER | 00823nam a2200265 4500 | ||
|---|---|---|---|
| 001 | DLU150171236 | ||
| 005 | ##20150916 | ||
| 040 | # | # | |a DLU |b vie |
| 041 | # | # | |a vie |
| 044 | # | # | |a vn |
| 100 | # | # | |a Nguyễn Viết Thành, |c TS. |
| 245 | # | # | |a Bảo vệ rừng ngập mặn ven biển Bắc Bộ trong bối cảnh nước biển dâng / |c Nguyễn Viết Thành. |
| 653 | # | # | |a Bảo vệ |
| 653 | # | # | |a Biển Bắc Bộ |
| 653 | # | # | |a Rừng ngập mặn |
| 773 | # | # | |t Tạp chí Tài nguyên & Môi trường |g Số 11(169), 2013, tr. 25-26 |
| 920 | # | # | |a Phòng Tạp chí -- Trung tâm Thông tin - Thư viện Trường Đại học Đà Lạt |
| 994 | # | # | |a DLU |
| 900 | # | # | |a True |
| 911 | # | # | |a Nguyễn Thị Mai Anh |
| 925 | # | # | |a G |
| 926 | # | # | |a A |
| 927 | # | # | |a BB |
| 980 | # | # | |a Thư viện Trường Đại học Đà Lạt |